000 00627nam a22001937a 4500
999 _c11375
_d11375
003 AR-CdUCM
008 190403b ||||| |||| 00| 0 spa d
020 _a84-249-2039-8
040 _aMUNICIPALIDAD PROVINCIAL DEL CUSCO
_cBIBLIOTECA MUNICIPAL DEL CUSCO
082 _aEP/468.6 /
_bC82
245 _aCortaviento :
_bLibro de lectura quinto grado /
260 _aLima :
_bSantillana,
_c1986.
300 _a144 paginas ;
_bIlustraciones
_c22 cm.
505 _aContenido :Libro de lectura de quinte grado /
650 _aEducación primaria
_91561
650 _aLibro de lectura
_927572
942 _2ddc
_cLIBROS
945 _arjall